Made You Look - Meghan Trainor - All Lyrics - Statistics

General Stats
  • This quiz has been taken 55 times
  • The average score is 229 of 334
Answer Stats
Answer % Correct
I
100%
(I
100%
made
100%
my
100%
Ooh,
100%
ooh
100%
(Woo),
100%
you
100%
you,
100%
look
98%
look)
98%
on
98%
on)
98%
a
95%
with
95%
But
93%
even
93%
Gucci
93%
(Gucci
93%
nothin'
93%
be
88%
wear
88%
could
85%
have
85%
Louis
85%
(Louis
85%
Yeah,
83%
Vuitton
80%
Vuitton)
80%
me
75%
me,
75%
in
73%
When
70%
when
70%
Bet
68%
dress
68%
good
65%
do,
63%
do
63%
Versace
63%
your
63%
make
60%
mess
60%
the
60%
what
60%
can
58%
gon'
55%
I'm
53%
I’m
53%
morning
53%
up
53%
up,
53%
hair's
50%
it
50%
tell
50%
that
50%
And
48%
baby)
48%
got,
48%
got
48%
I'll
48%
if
45%
take
45%
(Take
45%
to
45%
walk
45%
walk,
45%
as
43%
'Cause
43%
‘Cause
43%
double
43%
hoodie
43%
of
43%
just
40%
neck
40%
hotter
38%
will
38%
away
35%
'bout
35%
break
35%
gonna
35%
off)
35%
off,
35%
Call
33%
case
33%
chiropractor
33%
don't
33%
drop,
33%
drop
33%
get
33%
soon
33%
they
33%
turn
33%
heat
30%
lot
30%
this
30%
This
30%
guarantee
28%
jaw
28%
scene,
28%
sunscreen
28%
feel
25%
14
23%
cake
23%
hm-hm
23%
Mhm
23%
ain't
20%
bop,
20%
bop
20%
(Bop,
20%
bop)
20%
karat
20%
same
20%
you'll
20%
glasses
18%
Ladies,
18%
never
18%
once
18%
ordinary,
18%
steam
18%
taste
18%
(Said,
13%
whеn
0%
No matching quizzes found
Score Distribution
Percent of People with Each Score
Percentile by Number Answered
Your Score History
You have not taken this quiz